Normal view
MARC view
- التعليم العالي-الأردن. الجامعات والكليات-الأردن
Entry Topical Term
001 - CONTROL NUMBER
- control field: 14895
003 - CONTROL NUMBER IDENTIFIER
- control field: JO-AjAnu
005 - DATE AND TIME OF LATEST TRANSACTION
- control field: 20230606072658.0
008 - FIXED-LENGTH DATA ELEMENTS
- fixed length control field: 230606|| aca||aabn | a|a d
040 ## - CATALOGING SOURCE
- Original cataloging agency: JO-AjAnu
- Transcribing agency: JO-AjAnu
150 ## - HEADING--TOPICAL TERM
- Topical term or geographic name entry element: التعليم العالي-الأردن. الجامعات والكليات-الأردن
670 ## - SOURCE DATA FOUND
- Source citation: Work cat.: (JO-AjAnu)7649: شكري،حجي إعداد/لجنة الدراسات والأبحاث في دار الجذور, author 14894, الإمتحان الشامل لكليات المجتمع:نماذج الأسئلة ، الورقة الأولى لجميع التخصصات